| 000 | 00736cam a2200205 4500 | ||
|---|---|---|---|
| 001 | ABS61160 | ||
| 008 | 000000n1999 000 0 eng u | ||
| 035 | _a(Sirsi) u101725 | ||
| 100 | _aBaker, B. | ||
| 245 | _aAccess all areas. | ||
| 260 | _c1999 | ||
| 490 |
_aSurveyor _v26 August 1999, 10-12(3) |
||
| 520 | _aDevelopers of out-of-town shopping centres, such as Bluewater and the Trafford Centre in Manchester are working on improving transport networks in the surrounding areas, to improve access and reduce problems in town centres. | ||
| 650 | _aSHOPPING CENTRES | ||
| 650 | _aOUT-OF-TOWN SHOPPING CENTRES | ||
| 650 | _aRETAIL DEVELOPMENT | ||
| 650 | _aDEVELOPERS | ||
| 690 | _aTRANSPORT AND COMMUNICATION | ||
| 942 | _n0 | ||
| 999 |
_c60850 _d60850 |
||